00487nam a22001577a 450000500170000001000150001702000260003203500140005803700130007208200080008510000200009324500730011326000470018627000660023330000300029920190520144713.0 aENG-125237 a9788172544300c450.00 aEN-108769 bDBAD/PUB a000 aSubburuj, V.V.K aSBI /cby V.V.K. Subburajbspecial management executives (banking) / aChennaibSura College of Competitionc2015 a1620, 'J' Block, 16th Main Road, Anna NagarbChennai e600040 avarious pagingc24cm(pbk)